[Event "CHI-ch"]
[Site "Santiago"]
[Date "2024.02.23"]
[Round "7"]
[White "Perez Rojas, Jorge"]
[Black "Gasic Merino, Franco Ignacio"]
[Result "0-1"]
[WhiteElo "2023"]
[BlackElo "2228"]
[PlyCount "74"]
[EventDate "2024.02.19"]
[EventType "swiss"]
[EventRounds "11"]
[EventCountry "CHI"]
[SourceTitle "CB09_2024"]
[SourceDate "2024.02.28"]
[SourceVersion "1"]
[SourceVersionDate "2024.02.28"]
[SourceQuality "1"]

1. e4 Nf6 2. Nc3 d5 3. e5 d4 4. exf6 dxc3 5. fxe7 Qxe7+ 6. Be2 cxb2 7. Bxb2 Bg4 8. h3 Bxe2 9. Nxe2 Nc6 10. 0-0 0-0-0 11. a3 Qd7 12. d4 Bd6 13. c4 Rhe8 14. Re1 Re6 15. Qd3 Be5 16. Qxh7 Nxd4 17. Bxd4 Bxd4 18. Nxd4 Qxd4 19. Red1 Qc3 20. Rxd8+ Kxd8 21. Rd1+ Ke7 22. Qb1 b6 23. Qb5 Re1+ 24. Rxe1+ Qxe1+ 25. Kh2 c5 26. Qa4 Qe5+ 27. g3 Qc7 28. Kg2 Qb7+ 29. Kf1 a6 30. Qb3 Qh1+ 31. Ke2 Qxh3 32. Qxb6 Qg4+ 33. Ke3 Qxc4 34. Qc7+ Kf6 35. Qd8+ Kf5 36. Qa5 g5 37. Qc7 Qd4+ 0-1

[Event "CHI-ch"]
[Site "Santiago"]
[Date "2024.02.20"]
[Round "3"]
[White "Perez Rojas, Jorge"]
[Black "Salinas Herrera, Pablo Patricio"]
[Result "1/2-1/2"]
[WhiteElo "2023"]
[BlackElo "2483"]
[PlyCount "178"]
[EventDate "2024.02.19"]
[EventType "swiss"]
[EventRounds "11"]
[EventCountry "CHI"]
[SourceTitle "CB09_2024"]
[SourceDate "2024.02.28"]
[SourceVersion "1"]
[SourceVersionDate "2024.02.28"]
[SourceQuality "1"]

1. e4 d6 2. d4 g6 3. Nc3 Bg7 4. Be3 c6 5. Qd2 Nd7 6. Nf3 Ngf6 7. h3 e5 8. Bh6 0-0 9. Be2 Qe7 10. Bxg7 Kxg7 11. 0-0 Nh5 12. Rfe1 Nf4 13. Bf1 Qf6 14. Qe3 Re8 15. Rad1 Nf8 16. Kh2 Qe7 17. g3 Nh5 18. b4 Nf6 19. Qd2 Bd7 20. a4 Rad8 21. Bg2 Bc8 22. Qc1 Qc7 23. Qb2 N6d7 24. a5 f6 25. Rd2 Nb8 26. Red1 Be6 27. Bf1 Bf7 28. Qa3 Nbd7 29. Kg1 exd4 30. Nxd4 Ne5 31. Kg2 a6 32. Na4 d5 33. f4 Ned7 34. exd5 Bxd5+ 35. Kh2 Re7 36. b5 Rde8 37. b6 Qb8 38. c4 Bf7 39. Nc5 Re3 40. Qb4 Nxc5 41. Qxc5 Kg8 42. Nc2 R3e4 43. Qa3 Qc8 44. Qc3 Kg7 45. Bd3 R4e7 46. Bf1 h6 47. Rd6 Re2+ 48. Kg1 R2e6 49. c5 Rxd6 50. Rxd6 Re6 51. Rd2 Qe8 52. Kf2 Re4 53. Ne3 Qe7 54. Bg2 Ra4 55. Rd6 Ra2+ 56. Kg1 Re2 57. Ng4 Re6 58. Qd4 h5 59. Nf2 Re1+ 60. Kh2 Re2 61. Ne4 Bd5 62. Rxd5 cxd5 63. Qxd5 Ne6 64. Nd6 Nd8 65. Nc8 Qe8 66. h4 Nc6 67. Nd6 Qe7 68. Nc8 Qe8 69. Nd6 Qd7 70. Qf3 Rc2 71. Qe3 Nxa5 72. Ne8+ Kf7 73. Nd6+ Kg7 74. Ne8+ Kf8 75. Nxf6 Qe7 76. Ne4 Nc6 77. Qd3 Ra2 78. Nd6 Qe2 79. Qd5 Qxg2+ 80. Qxg2 Rxg2+ 81. Kxg2 a5 82. Kf3 a4 83. Nc4 Ke7 84. Ke4 Ke6 85. Na3 Ne7 86. Nc4 Nc6 87. Na3 Ne7 88. Nc4 Nc6 89. Na3 Ne7 1/2-1/2

[Event "CHI-ch sf"]
[Site "Quilpue"]
[Date "2022.02.05"]
[Round "4"]
[White "Montero Martinez, Cristian"]
[Black "Perez Rojas, Jorge"]
[Result "1-0"]
[WhiteElo "1988"]
[BlackElo "1486"]
[PlyCount "89"]
[EventDate "2022.02.04"]
[EventType "swiss"]
[EventRounds "8"]
[EventCountry "CHI"]
[SourceTitle "CBM 206 Extra"]
[Source "ChessBase"]
[SourceDate "2022.03.31"]
[SourceVersion "1"]
[SourceVersionDate "2022.03.31"]
[SourceQuality "1"]

1. d4 Nf6 2. Bf4 g6 3. Nf3 Bg7 4. e3 d6 5. h3 Nbd7 6. c4 0-0 7. Nc3 c6 8. Be2 Qe8 9. 0-0 e5 10. Bh2 Qe7 11. b4 Rd8 12. Qc2 exd4 13. exd4 Nb6 14. Rfe1 Bf5 15. Bd3 Bxd3 16. Qxd3 Qd7 17. Rab1 Re8 18. a4 d5 19. c5 Nc4 20. b5 a6 21. bxc6 Qxc6 22. Rec1 Ne4 23. Nxd5 Qxd5 24. Qxc4 Qd7 25. d5 Nc3 26. Rxc3 Bxc3 27. Qxc3 Qxd5 28. Bf4 f5 29. Qb3 Qxb3 30. Rxb3 Re7 31. Bd6 Rg7 32. Ne5 Re8 33. f4 h6 34. h4 Re6 35. Kf2 Kh7 36. Kf3 Rf6 37. a5 Re6 38. g3 Kg8 39. Ke3 Kh7 40. Kd4 Re8 41. Kd5 Kg8 42. Rb6 Kh7 43. c6 bxc6+ 44. Rxc6 Ra8 45. Nd3 1-0

[Event "CHI-ch U20"]
[Site "Quirihue"]
[Date "2022.01.21"]
[Round "8"]
[White "Ramirez Sanchez, Vicente"]
[Black "Perez Rojas, Jorge"]
[Result "1/2-1/2"]
[WhiteElo "1550"]
[BlackElo "1337"]
[PlyCount "84"]
[EventDate "2022.01.17"]
[EventType "swiss"]
[EventRounds "9"]
[EventCountry "CHI"]
[SourceTitle "CBM 206 Extra"]
[Source "ChessBase"]
[SourceDate "2022.03.31"]
[SourceVersion "1"]
[SourceVersionDate "2022.03.31"]
[SourceQuality "1"]

1. d4 Nf6 2. Bf4 g6 3. Nc3 Bg7 4. e4 d6 5. Qd2 Nbd7 6. 0-0-0 Nh5 7. Bh6 e5 8. Bxg7 Nxg7 9. f3 a6 10. g4 h5 11. Bc4 hxg4 12. fxg4 exd4 13. Qxd4 Ne5 14. Nf3 c5 15. Qxe5+ dxe5 16. Rxd8+ Kxd8 17. Nxe5 Re8 18. Nxf7+ Kc7 19. Nd5+ Kb8 20. Nb6 Ra7 21. Nd6 Bxg4 22. Nxe8 Nxe8 23. Rg1 Bh5 24. Rg5 Kc7 25. Nd5+ Kd8 26. Nf4 b5 27. Nxh5 gxh5 28. Bd5 Nf6 29. c4 Re7 30. e5 Ng4 31. e6 Nxh2 32. Rxh5 Ng4 33. Rh8+ Kc7 34. Ra8 Kb6 35. cxb5 axb5 36. Rb8+ Ka6 37. Rd8 Nf6 38. Rd6+ Ka5 39. Bc6 c4 40. Bd7 Kb4 41. Rd1 Kc5 42. Bc8 Nd5 1/2-1/2

[Event "CHI-ch U20"]
[Site "Quirihue"]
[Date "2022.01.18"]
[Round "3"]
[White "Perez Rojas, Jorge"]
[Black "Ramirez Camilla, Agustin"]
[Result "1-0"]
[WhiteElo "1337"]
[BlackElo "1682"]
[PlyCount "77"]
[EventDate "2022.01.17"]
[EventType "swiss"]
[EventRounds "9"]
[EventCountry "CHI"]
[SourceTitle "CBM 206 Extra"]
[Source "ChessBase"]
[SourceDate "2022.03.31"]
[SourceVersion "1"]
[SourceVersionDate "2022.03.31"]
[SourceQuality "1"]

1. d4 Nf6 2. Nf3 e6 3. Bg5 d5 4. e3 h6 5. Bh4 Bd6 6. Nbd2 c5 7. c3 Nbd7 8. Bd3 Qc7 9. Qe2 0-0 10. e4 dxe4 11. Nxe4 Nd5 12. Nxd6 Qxd6 13. Qd2 Nf4 14. Bf1 Re8 15. 0-0-0 Nd5 16. Bg3 Qb6 17. Bd3 Qa5 18. Bb1 b5 19. Rhe1 Ba6 20. Qc2 N7f6 21. dxc5 Rec8 22. Nd4 b4 23. Nb3 Qb5 24. Be5 bxc3 25. Rxd5 cxb2+ 26. Kxb2 Nxd5 27. Qh7+ Kf8 28. Qxg7+ Ke8 29. Bd6 Qb4 30. Rc1 Qh4 31. Qf8+ Kd7 32. Qxf7+ Ne7 33. Bxe7 Qg4 34. c6+ Kc7 35. Bd8+ Kb8 36. c7+ Kb7 37. f3 Qxg2+ 38. Ka3 Qe2 39. Be4+ 1-0

[Event "South America-ch U14 16th"]
[Site "Buenos Aires"]
[Date "2019.12.02"]
[Round "3.9"]
[White "Moreno Perez, Tobias Sebastian"]
[Black "Perez Rojas, Jorge"]
[Result "1-0"]
[WhiteElo "1829"]
[BlackElo "1173"]
[PlyCount "69"]
[EventDate "2019.12.01"]
[EventType "swiss"]
[EventRounds "9"]
[EventCountry "ARG"]
[SourceTitle "EXT 2024"]
[Source "ChessBase"]
[SourceDate "2023.10.10"]
[SourceVersion "1"]
[SourceVersionDate "2023.10.10"]
[SourceQuality "1"]

1. Nf3 Nf6 2. c4 e6 3. g3 d5 4. Bg2 c5 5. 0-0 Be7 6. cxd5 exd5 7. d4 0-0 8. Nc3 b6 9. b3 Bb7 10. Bb2 Na6 11. e3 Nc7 12. Rc1 Ne6 13. Ne5 a6 14. Qd3 Qd6 15. Rfd1 Rfd8 16. Na4 Rac8 17. dxc5 bxc5 18. Nc4 Qb8 19. Ncb6 Rc6 20. Bxf6 Bxf6 21. Nxd5 Rcd6 22. Nxf6+ gxf6 23. Qe2 Bxg2 24. Kxg2 Qb7+ 25. f3 Qd7 26. Nc3 Kg7 27. Rxd6 Qxd6 28. Rd1 Qe5 29. Rxd8 Nxd8 30. Qd2 Ne6 31. Ne4 Qc7 32. Qc3 Qe7 33. g4 h6 34. Ng3 Qd8 35. Nh5+ 1-0